| 000 | 00000nam##2200000za#4500 |
| 001 | 9.615575 |
| 003 | CaOODSP |
| 005 | 20211126112847 |
| 007 | ta |
| 008 | 150406|2001||||xxc||||| f|0| 0 eng|d |
| 020 | |z0-662-30376-8 |
| 022 | |a1192-5434 |
| 040 | |aCaOODSP|beng |
| 043 | |an-cn--- |
| 086 | 1 |aFB3-2/101-3E |
| 110 | 2 |aBank of Canada. |
| 245 | 10|aOn commodity-sensitive currencies and inflation targeting / |cby Kevin Clinton. |
| 260 | |aOttawa - Ontario : |bBank of Canada |c2001. |
| 300 | |ax, 39p. : |bfigs., references ; |c28 cm. |
| 490 | 1 |aWorking paper|x1192-5434|v101-3 |
| 500 | |a"Two aspects of the recent monetary history of Canada, Australia, and New Zealand stand out: the sensitivity of their dollars to prices of resource-based commodities, and inflation targeting. This paper explores various aspects of these phenomena. With respect to commodity prices and exchange rates, it examines: the behaviour of real commodity prices, the terms of trade, and real exchange rates, linkages between these variables, the relative impact of commodity prices and exchange rates on output, the possibility of excessive commodity sensitivity for the three currencies."--Executive Summary. |
| 520 | 3 |aTwo aspects of the recent monetary history of Canada, Australia, and New Zealand stand out: the sensitivity of their dollars to prices of resource-based commodities, and inflation targeting. This paper explores various aspects of these phenomena. With respect to commodity prices and exchange rates, it examines: the behaviour of real commodity prices, the terms of trade, and real exchange rates, linkages between these variables, the relative impact of commodity prices and exchange rates on output, the possibility of excessive commodity sensitivity for the three currencies.--Executive Summary |
| 546 | |aRésumé en français |
| 563 | |aSoftcover |
| 590 | |a01-14|b2001-04-06 |
| 690 | 07|aMonetary policy|2gcpds |
| 690 | 07|aExchange rates|2gcpds |
| 690 | 07|aCurrency|2gcpds |
| 690 | 07|aInflation|2gcpds |
| 720 | 1 |aClinton, Kevin |
| 776 | 0#|tOn commodity-sensitive currencies and inflation targeting / |w(CaOODSP)9.571582 |
| 830 | #0|aWorking paper,|x1192-5434|v101-3|w(CaOODSP)9.514622 |